<?xml version="1.0" encoding="UTF-8"?><?xml-stylesheet type="text/xsl" href="static/style.xsl"?><OAI-PMH xmlns="http://www.openarchives.org/OAI/2.0/" xmlns:xsi="http://www.w3.org/2001/XMLSchema-instance" xsi:schemaLocation="http://www.openarchives.org/OAI/2.0/ http://www.openarchives.org/OAI/2.0/OAI-PMH.xsd"><responseDate>2026-04-18T05:55:30Z</responseDate><request verb="GetRecord" identifier="oai:www.recercat.cat:2072/458481" metadataPrefix="marc">https://recercat.cat/oai/request</request><GetRecord><record><header><identifier>oai:recercat.cat:2072/458481</identifier><datestamp>2024-11-01T00:57:30Z</datestamp><setSpec>com_2072_98</setSpec><setSpec>col_2072_378192</setSpec></header><metadata><record xmlns="http://www.loc.gov/MARC21/slim" xmlns:dcterms="http://purl.org/dc/terms/" xmlns:xsi="http://www.w3.org/2001/XMLSchema-instance" xmlns:doc="http://www.lyncode.com/xoai" xsi:schemaLocation="http://www.loc.gov/MARC21/slim http://www.loc.gov/standards/marcxml/schema/MARC21slim.xsd">
   <leader>00925njm 22002777a 4500</leader>
   <datafield ind2=" " ind1=" " tag="042">
      <subfield code="a">dc</subfield>
   </datafield>
   <datafield ind2=" " ind1=" " tag="720">
      <subfield code="a">Torregrosa, Alba</subfield>
      <subfield code="e">author</subfield>
   </datafield>
   <datafield ind2=" " ind1=" " tag="720">
      <subfield code="a">Albarracín Gordo, Lluís</subfield>
      <subfield code="e">author</subfield>
   </datafield>
   <datafield ind2=" " ind1=" " tag="720">
      <subfield code="a">Deulofeu Piquet, Jordi</subfield>
      <subfield code="e">author</subfield>
   </datafield>
   <datafield ind2=" " ind1=" " tag="260">
      <subfield code="c">2021</subfield>
   </datafield>
   <datafield ind2=" " ind1=" " tag="520">
      <subfield code="a">El presente estudio toma como objetivo describir y comparar las distintas fases de desarrollo de una base de orientación no lineal elaborada por un grupo de 25 alumnos de sexto de primaria al resolver cuatro problemas de patrones matemáticos. Se realiza un análisis cualitativo de los ítems que aparecen en las distintas fases de desarrollo de la base de orientación no lineal a partir de las producciones del alumnado y de los cuestionarios de coevaluación que sirven como método de feedback. Nuestros resultados enfatizan que, de una fase a otra, la base de orientación no lineal experimenta cambios en cuanto a la planificación, revisión y explicación del proceso de resolución que ayudan al alumnado a verbalizar, de un modo más exhaustivo, tanto el método de resolución como los procesos metacognitivos llevados a cabo.</subfield>
   </datafield>
   <datafield ind2=" " ind1=" " tag="520">
      <subfield code="a">This study aims at comparing and describing the different development phases in a non-linear orientation base elaborated by 25 students in sixth grade when they solve four pattern mathematical problems. A qualitative analysis of the items that appear in the different phases of development in the non-linear orientation base is done based on the students' productions and peer assessment questionnaires that serve as a feedback method. Our results emphasize that, from one phase to another, the non-linear orientation base undergoes through changes in terms of planning, reviewing, and explaining the resolution process that help students verbalize in a more comprehensive way both, the resolution method and the metacognitive processes carried out.</subfield>
   </datafield>
   <datafield ind1="8" ind2=" " tag="024">
      <subfield code="a">http://hdl.handle.net/2072/458481</subfield>
   </datafield>
   <datafield tag="653" ind2=" " ind1=" ">
      <subfield code="a">Base de orientación no lineal</subfield>
   </datafield>
   <datafield tag="653" ind2=" " ind1=" ">
      <subfield code="a">Evaluación</subfield>
   </datafield>
   <datafield tag="653" ind2=" " ind1=" ">
      <subfield code="a">Problemas de patrones</subfield>
   </datafield>
   <datafield tag="653" ind2=" " ind1=" ">
      <subfield code="a">Educación primaria</subfield>
   </datafield>
   <datafield tag="653" ind2=" " ind1=" ">
      <subfield code="a">Metacognición</subfield>
   </datafield>
   <datafield tag="653" ind2=" " ind1=" ">
      <subfield code="a">Non-linear orientation base</subfield>
   </datafield>
   <datafield tag="653" ind2=" " ind1=" ">
      <subfield code="a">Assessment</subfield>
   </datafield>
   <datafield tag="653" ind2=" " ind1=" ">
      <subfield code="a">Pattern problems</subfield>
   </datafield>
   <datafield tag="653" ind2=" " ind1=" ">
      <subfield code="a">Elementary education</subfield>
   </datafield>
   <datafield tag="653" ind2=" " ind1=" ">
      <subfield code="a">Metacognition</subfield>
   </datafield>
   <datafield ind2="0" ind1="0" tag="245">
      <subfield code="a">Orientación y coevaluación : Dos aspectos clave para la evolución del proceso de resolución de problemas</subfield>
   </datafield>
</record></metadata></record></GetRecord></OAI-PMH>